LEADER 02506nam2-2200397---450- 001 990005958810203316 005 20151008113833.0 010 $a978-92-9241-389-7 035 $a000595881 035 $aUSA01000595881 035 $a(ALEPH)000595881USA01 035 $a000595881 100 $a20140730d2013----km-y0itaa50------ba 101 0 $aita 102 $aLU 105 $a||||||||001yy 200 1 $aPolitica agricola comune: il sostegno specifico previsto in base all?articolo 68 del regolamento (CE) n. 73/2009 del Consiglio č ben concepito e attuato in modo soddisfacente?$fCorte dei conti europea 210 $aLussemburgo$cUfficio delle pubblicazioni dell'Unione europea$d2013 215 $a54 p.$cill.$d30 cm 225 2 $aRelazione speciale$v10/2013 330 $aIn deroga ai principi generali del disaccoppiamento e della semplificazione del regime di pagamento per gli agricoltori, l?articolo 68 consente agli Stati membri di mantenere parte dei rispettivi massimali nazionali per fornire, in determinati casi chiaramente definiti, un sostegno specifico a talune attivitā, in particolare attraverso pagamenti accoppiati diretti. Nella presente relazione, la Corte rileva che la Commissione ha scarso controllo sulla giustificazione di tali casi e che gli Stati membri dispongono di un ampio margine di discrezione. Non sussistono elementi probatori sufficienti per dimostrare che le misure introdotte ai sensi dell?articolo 68 siano necessarie o pertinenti, in termini di effetti vo bisogno delle stesse, efficacia della loro concezione e livelli di aiuto reso disponibile. La Corte ha inoltre evidenziato debolezze nei sistemi amministrativi e di controllo, talvolta anche in presenza di carichi di gestione e di controllo giā pesanti. [Ed.] 410 0$1001000351941$aRelazione speciale 606 0 $aAgricoltura$xFinanziamenti comunitari$2BNCF 676 $a338.181094 699 $a07.02$bRiforma agraria 710 02$aCorte dei conti europea$0541549 801 0$aIT$bsalbc$gISBD 856 4 $uhttp://bookshop.europa.eu/uri?target=EUB:NOTICE:QJAB13010:IT:HTML$4.$zAccesso libero online 912 $a990005958810203316 951 $aCDE 07.02 (III)$bCDE 3036$cCDE 07.02$d00140825 959 $aBK 969 $aCDE 979 $aMARIAS$b90$c20140730$lUSA01$h1013 979 $aMARIAS$b90$c20151008$lUSA01$h1138 996 $aPolitica agricola comune: il sostegno specifico previsto in base all?articolo 68 del regolamento (CE) n. 73$91071125 997 $aUNISA LEADER 02241nam--2200469---450- 001 990000400350203316 005 20120904141644.0 012 $at:us n-ta rea. etli (3) 1511 (R)$2fei$5SA0186 035 $a0040035 035 $aUSA010040035 035 $a(ALEPH)000040035USA01 035 $a0040035 100 $a20010412d1511----km-y0itay0103----ba 101 0 $alat 102 $aIT 105 $a||||||||001yy 140 $aa---a---z--------zzzaa0000-- 141 $a#--z0z#-$5SA0186--------------------------------------------------------------------- 200 1 $aIn Carum Lucretium poetam commentarii a Ioanne Baptista Pio editi, codice lucretaino diligenter emendato, nodis omnibus et difficultatibus apertis, obiter ex diversis auctoribus tum grecis tum latinis multa leges enucleata, quae superior etas aut tacuit aut ignoravit. Pellege letaberis$ctitolo proprio di altro autore$dtitolo parallelo 210 $aBononiae$ctypis excussoriis editum ergasterio Hieronymi Baptistae de Benedictis$d1511 215 $a[4] c., 224 p.$d4° 301 $ail terzo gruppo non corrisponde con l'edizione presente su SBN 306 $aA c. Oo7v marca tipografica raffigurante un cerchio con croce tripla e in basso mano benedicente; iniziali HI 307 $aSegnatura: ??A-2N?2O 48 309 $aDG [timbro] 310 $aLeg. in cartone; 21x29,5 cm 321 $aSBN 620 $aItalia (Accesso per luogo)$dVenezia 700 1$aLUCRETIUS CARUS,$bTitus$071848 801 0$aIT$bsalbc$gISBD 912 $a990000400350203316 951 $aFV II C 21(F.V. 78)$b660$cFV II C 959 $aBK 969 $aVEN 979 $aPAOLA$b40$c20010412$lUSA01$h1204 979 $aPATRY$b90$c20010713$lUSA01$h1244 979 $aPATRY$b90$c20010713$lUSA01$h1244 979 $c20020403$lUSA01$h1648 979 $aPATRY$b90$c20040406$lUSA01$h1628 979 $aPARLAVECCH$b90$c20120904$lUSA01$h1416 996 $aIn Carum Lucretium poetam commentarii a Ioanne Baptista Pio editi, codice lucretaino diligenter emendato, nodis omnibus et difficultatibus apertis, obiter ex diversis auctoribus tum grecis tum latinis multa leges enucleata, quae superior etas aut tacuit aut ignoravit. Pellege letaberis$9874242 997 $aUNISA